| 000 | 01091 a2200205 4500 | ||
|---|---|---|---|
| 020 | _a019567197X (paperback) | ||
| 020 | _a9780195671971 (paperback) | ||
| 082 | 0 | 4 | _a821.9109954 |
| 090 |
_c4440 _d4440 |
||
| 100 | 1 | _aKing, Bruce. | |
| 245 | 1 | 0 |
_aModern indian poetry in english / _cBruce King. |
| 250 | _a2 Revised ed. | ||
| 260 |
_a[S.l.] : _bOxford University Press, USA, _c2005. |
||
| 300 |
_a426 p. ; _c22 cm. |
||
| 490 | 1 | _aOxford india collection. | |
| 520 | _aThis book, now in a revised edition, is a comprehensive study of modern Indian poetry in English. It is a history and analysis of the most important poets (such as Nissim Ezekial, A.K. Ramanujan and Dom Moraes), books and journals, along with an analysis of the social basis of Indian English-language poetry. This edition includes an updated chronology, an extended essay on Agha Shahid Ali, and two chapters on significant new, younger poets. | ||
| 830 | 0 | _aOxford india collection. | |
| 856 | 4 | 0 |
_3Amazon.com _uhttp://www.amazon.com/exec/obidos/ASIN/019567197X/chopaconline-20 |
| 942 |
_aNBS _cBK _k821.910995422 KIN |
||
| 999 |
_c346883 _d346883 |
||